Question of Development & Freedom: (Record no. 210516)
[ view plain ]
| 000 -LEADER | |
|---|---|
| fixed length control field | 00725nam a22002057a 4500 |
| 005 - DATE AND TIME OF LATEST TRANSACTION | |
| control field | 20250326125910.0 |
| 010 ## - LCCN (DPL NO) | |
| LC control number | ENG-143380 |
| 020 ## - INTERNATIONAL STANDARD BOOK NUMBER | |
| International Standard Book Number | 9788197865978 |
| Terms of availability | 500.00 |
| 035 ## - SYSTEM CONTROL NUMBER | |
| System control number | EN-126912 |
| 037 ## - SOURCE OF ACQUISITION | |
| Source of stock number/acquisition | DBAD |
| 082 ## - DEWEY DECIMAL CLASSIFICATION NUMBER | |
| Classification number | 338.9 |
| Edition number | 1 |
| 245 ## - TITLE STATEMENT | |
| Title | Question of Development & Freedom: |
| Remainder of title | Colonial and Post-Colonial India/ |
| Statement of responsibility, etc | Ed. by Partha Banerjee [and] Sujan Debnath |
| 250 ## - EDITION STATEMENT | |
| Edition statement | 1 |
| 260 ## - PUBLICATION, DISTRIBUTION, ETC. (IMPRINT) | |
| Place of publication, distribution, etc | Kolkata |
| Name of publisher, distributor, etc | Progressive Publishers |
| Date of publication, distribution, etc | 2024 |
| 270 ## - ADDRESS | |
| City | Kolkata |
| Address | 37A, College Street |
| Postal code | 700073 |
| Electronic mail address | progressivepubl@yahoo.co.in |
| Telephone number | 9830305810 |
| -- | 9038296630 |
| 300 ## - PHYSICAL DESCRIPTION | |
| Extent | 474p. |
| Other physical details | Index |
| Dimensions | 22cm(hb) |
| 700 ## - ADDED ENTRY--PERSONAL NAME | |
| Personal name | Banerjee, Partha |
| 9 (RLIN) | 70194 |
| Relator term | Editor |
| 700 ## - ADDED ENTRY--PERSONAL NAME | |
| Personal name | Debnath, Sujan |
| Relator term | Editor |
| 9 (RLIN) | 79936 |
| 942 ## - ADDED ENTRY ELEMENTS (KOHA) | |
| Source of classification or shelving scheme | Dewey Decimal Classification |
| Item type | English Books |
| Call number suffix | DEV |
| Classification part | 338.9 |
| Withdrawn status | Lost status | Not for loan | Collection code | Home library | Current library | Date acquired | Source of acquisition | Cost, normal purchase price | Full call number | Barcode | Copy number | Cost, replacement price | Koha item type |
|---|---|---|---|---|---|---|---|---|---|---|---|---|---|
| Not For Loan | Non-fiction | D.B.Act.Division | D.B.Act.Division | 26/03/2025 | Delivery of Books Act Division | 500.00 | DEV 338.9 | EN-126912 | 1 | 500.00 | English Books |
